banner koha

Morpho-physiological and mineral nutrient characterizatiion of 45 collected Purslane (Portulaca oleracea L.)accessions (Registro n. 242566)

MARC details
000 -LÍDER
campo de controle de tamanho fixo 00976nas a2200313 4500
001 - NÚMERO DE CONTROLE
campo de controle BR2015001430
003 - IDENTIFICADOR DO NÚMERO DE CONTROLE
campo de controle BR-BrBNA
005 - DATA E HORÁRIO DA ÚLTIMA TRANSAÇÃO
campo de controle 20231205125104.0
007 - CAMPO FIXO DE DESCRIÇÃO FÍSICA--INFORMAÇÃO GERAL
campo de controle de tamanho fixo ta
008 - CAMPO DE DADOS FIXOS--INFORMAÇÃO GERAL
campo de controle de tamanho fixo 230509b bl.|||p| |||| 00| 00por d
040 ## - FONTE DA CATALOGAÇÃO
Instituição da catalogação original BR-BrBNA
Idioma da catalogação por
Instituição que transcreveu o registro Biblioteca Nacional de Agricultura
041 ## - CÓDIGO DE IDIOMA
Código do idioma do texto/trilha sonora ou título diferente (En)
072 ## - CÓDIGO DE CATEGORIA DE ASSUNTO
Código de Categoria de Assunto F61; H60
100 1# - ENTRADA PRINCIPAL--NOME PESSOAL
Nome pessoal Alam, A.
100 1# - ENTRADA PRINCIPAL--NOME PESSOAL
Nome pessoal Juraimi, A.S.
100 1# - ENTRADA PRINCIPAL--NOME PESSOAL
Nome pessoal Yusop, M.R.
100 1# - ENTRADA PRINCIPAL--NOME PESSOAL
Nome pessoal Hamid, A.A.
100 1# - ENTRADA PRINCIPAL--NOME PESSOAL
Nome pessoal Hakim, A.<br/>
245 1# - TÍTULO
Título Morpho-physiological and mineral nutrient characterizatiion of 45 collected Purslane (Portulaca oleracea L.)accessions
650 ## - ASSUNTO--TERMO TÓPICO
Cabeçalho tópico ou nome geográfico BELDROEGA
650 ## - ASSUNTO--TERMO TÓPICO
Cabeçalho tópico ou nome geográfico ERVA DANINHA
650 ## - ASSUNTO--TERMO TÓPICO
Cabeçalho tópico ou nome geográfico FOTOSSÍNTESE
650 ## - ASSUNTO--TERMO TÓPICO
Cabeçalho tópico ou nome geográfico CLOROFILA
650 ## - ASSUNTO--TERMO TÓPICO
Cabeçalho tópico ou nome geográfico MORFOLOGIA VEGETAL
773 0# - ENTRADA ANALÍTICA
Título Bragantia (Brazil)
ISSN - International Standard Serial Number ISSN 1678-4499
Partes relacionadas (Oct-Dec 2014), v. 73(4) p. 426-437
Número de controle do registro BR2015001430
856 40 - LOCALIZAÇÃO ELETRÔNICA E ACESSO
Uniform Resource Identifier <a href="http://www.scielo.br/pdf/brag/v73n4/aop_brag_253.pdf">http://www.scielo.br/pdf/brag/v73n4/aop_brag_253.pdf</a>
909 ## -
-- 202311
-- Lúcia
-- 55
-- Lúcia Elande
942 ## - ELEMENTOS DE ENTRADA ADICIONADOS (KOHA)
Fonte da classificação ou esquema de arquivamento na estante Classificação AGRIS
Ocultar no OPAC Não
Tipo de material Koha Analítica
Exemplares
Situação do descarte Fonte da classificação ou esquema de arquivamento na estante Situação física Não pode ser emprestado Biblioteca de origem Biblioteca atual Localização na estante Enumeração do periódico / cronologia Total de empréstimos Data de último acesso Número do exemplar Tipo de material Koha Fonte de aquisição
  Classificação AGRIS   Consulta local Biblioteca Nacional de Agricultura - Binagri Biblioteca Nacional de Agricultura - Binagri   (Oct-Dec 2014), v. 73(4) p. 426-437   29/11/2023 01 Periódicos Portaria Interministerial nº 164/94

BINAGRI

Telefone: (61)3218-2567/2388/3357/2097 - binagri@agro.gov.br

Ministério da Agricultura e Pecuária , Esplanada dos Ministérios, Bloco D, Anexo B, Brasília/DF, CEP: 70.043-900